000
00321nam a22001457a 4500
008
221014b ||||| |||| 00| 0 eng d
020
_a
17572850582
041
_a
eng
080
_2
SECOND EDITION
_a
610.73
082
_a
610.73
100
_a
8
101
_a
INF
245
_a
BRIGHT FUTURES
_c
GREEN M
942
_2
udc
_c
BK
999
_c
58557
_d
58557